Le tatoueur d'Auschwitz (Record no. 5060)

MARC details
000 -CABECERA
campo de control de longitud fija 02898nam a2200349M 4500
001 - NÚMERO DE CONTROL
campo de control 991107052250506196
005 - FECHA Y HORA DE LA ÚLTIMA TRANSACCIÓN
campo de control 20251020123920.0
008 - DATOS DE LONGITUD FIJA--INFORMACIÓN GENERAL
campo de control de longitud fija 200916t20202019nyub e 000 1 eng d
020 ## - NÚMERO INTERNACIONAL ESTÁNDAR DEL LIBRO
Número Internacional Estándar del Libro 9782290233795
035 ## - NÚMERO DE CONTROL DEL SISTEMA
Número de control de sistema (OCoLC)1260634253
035 ## - NÚMERO DE CONTROL DEL SISTEMA
Número de control de sistema (OCoLC)on1260634253
040 ## - FUENTE DE LA CATALOGACIÓN
Centro catalogador/agencia de origen TXHLC
Lengua de catalogación eng
Normas de descripción rda
Centro/agencia transcriptor TXHLC
Centro/agencia modificador OCLCO
041 ## - CÓDIGO DE LENGUA
Código de lengua del texto/banda sonora o título independiente fre
Código de lengua original eng
050 ## - SIGNATURA TOPOGRÁFICA DE LA BIBLIOTECA DEL CONGRESO
Número de clasificación PR9639.4 M876
Número de documento/Ítem T221 2018
100 ## - ENTRADA PRINCIPAL--NOMBRE DE PERSONA
Nombre de persona Morris, Heather
Término indicativo de función/relación author
9 (RLIN) 26192
240 ## - TÍTULO UNIFORME
Título uniforme Tattooist of Auschwitz.
Lenguaje de la obra French.
245 10 - MENCIÓN DE TÍTULO
Título Le tatoueur d'Auschwitz
Mención de responsabilidad, etc. / Heather Morris ; translated by Jocelyne Barsse.
260 ## - PUBLICACIÓN, DISTRIBUCIÓN, ETC.
Lugar de publicación, distribución, etc. Paris :
Nombre del editor, distribuidor, etc. J'ai Lu,
Fecha de publicación, distribución, etc. 2018.
300 ## - DESCRIPCIÓN FÍSICA
Extensión 318 pages :
Dimensiones 18 cm
520 ## - SUMARIO, ETC.
Sumario, etc. L'histoire vraie d'un homme et d'une femme qui ont trouvé l'amour au coeur de l'enfer. Sous un ciel de plomb, des prisonniers défilent à l'entrée du camp d'Auschwitz. Bientôt, ils ne seront plus que des numéros tatoués sur le bras. C'est Lale, un déporté, qui est chargé de cette sinistre tâche. Il travaille le regard rivé au sol pour éviter de voir la douleur dans les yeux de ceux qu'il marque à jamais. Un jour, pourtant, il lève les yeux sur Gita, et la jeune femme devient sa lumière dans ce monde d'une noirceur infinie. Ils savent d'emblée qu'ils sont faits l'un pour l'autre. Dans cette prison où l'on se bat pour un morceau de pain et pour sauver sa vie, il n'y a pas de place pour l'amour. Ils doivent se contenter de minuscules moments de joie, qui leur font oublier le cauchemar du quotidien. Mais Lale fait une promesse à Gita : un jour, ils seront libres et heureux de vivre ensemble.
520 ## - SUMARIO, ETC.
Sumario, etc. The true story of a man and a woman who found love in the heart of hell.<br/><br/>Under a heavy sky, prisoners march toward the gates of Auschwitz. Soon, they will be nothing more than numbers tattooed on their arms. Lale, himself a deportee, is tasked with this grim duty. He keeps his eyes fixed on the ground to avoid seeing the pain in the faces of those he marks forever.<br/><br/>One day, though, he looks up—and meets Gita. She becomes his light in a world of endless darkness. From that moment, they know they are meant for each other. In this place where people fight for a crust of bread and for their very lives, there is no room for love. They must cling to fleeting moments of joy that make them forget the daily nightmare.<br/><br/>But Lale makes Gita a promise: one day, they will be free and live happily together.
610 #0 - PUNTO DE ACCESO ADICIONAL DE MATERIA--NOMBRE DE ENTIDAD CORPORATIVA
Nombre de entidad corporativa o nombre de jurisdicción como elemento de entrada Auschwitz (Concentration camp)
Subdivisión de forma Fiction
9 (RLIN) 26193
650 #0 - PUNTO DE ACCESO ADICIONAL DE MATERIA--TÉRMINO DE MATERIA
Término de materia o nombre geográfico como elemento de entrada Holocaust, Jewish (1939-1945)
Subdivisión de forma Fiction
9 (RLIN) 22842
650 #0 - PUNTO DE ACCESO ADICIONAL DE MATERIA--TÉRMINO DE MATERIA
Término de materia o nombre geográfico como elemento de entrada World War, 1939-1945
Subdivisión general Jews
Subdivisión de forma Fiction
9 (RLIN) 26194
650 #0 - PUNTO DE ACCESO ADICIONAL DE MATERIA--TÉRMINO DE MATERIA
Término de materia o nombre geográfico como elemento de entrada Tattoo artists
Subdivisión de forma Fiction
9 (RLIN) 26195
650 #0 - PUNTO DE ACCESO ADICIONAL DE MATERIA--TÉRMINO DE MATERIA
Término de materia o nombre geográfico como elemento de entrada Man-woman relationships
Subdivisión de forma Fiction
9 (RLIN) 11134
650 #0 - PUNTO DE ACCESO ADICIONAL DE MATERIA--TÉRMINO DE MATERIA
Término de materia o nombre geográfico como elemento de entrada Jews
Subdivisión geográfica Poland
Subdivisión de forma Fiction
9 (RLIN) 26196
655 #0 - TÉRMINO DE INDIZACIÓN--GÉNERO/FORMA
Datos o término principal de género/forma Historical fiction
9 (RLIN) 22722
655 #0 - TÉRMINO DE INDIZACIÓN--GÉNERO/FORMA
Datos o término principal de género/forma Biographical fiction
9 (RLIN) 23613
700 ## - ENTRADA AGREGADA--NOMBRE PERSONAL
Nombre de persona Barsse, Jocelyne
9 (RLIN) 26197
Término indicativo de función/relación translator
942 ## - ELEMENTOS DE ENTRADA AGREGADA (KOHA)
Fuente del sistema de clasificación o colocación Clasificación de Library of Congress
Holdings
Estado de retiro Estado de pérdida Fuente del sistema de clasificación o colocación Estado dañado No para préstamo Biblioteca de origen Biblioteca actual Fecha de adquisición Total de préstamos Signatura topográfica completa Código de barras Fecha visto por última vez Número de copia Precio válido a partir de Tipo de ítem Koha
    Clasificación de Library of Congress     TBS Barcelona TBS Barcelona 20/10/2025   P-FR MOR B07712 20/10/2025 1 20/10/2025 Book

Powered by Koha